000 00670cam a22001934a 4500
005 20250605164003.0
008 250528s ||||||||||||||||||||||||d
035 _a15703
020 _a29464897
040 _aGR-AtMCL
_bgre
_dGR-AtMCL
_eAACR2
245 1 _aMacroeconomics / Equilibrium and Diequilibrium Analysis
260 _bMacmillan Publishing Company,
_c1991
300 _a492
520 _aMacroeconomic Measurement and Microfoundations, Monetary Theory and the Aggregate Economy, Keynesian Macroeconomics, Modern Macroeconomics: Revolutions and Evolution, Index.
700 1 _aEdwards Rolph James
_91672
942 _cBK
999 _c1262
_d1262